000 00300nam a2200133 4500
999 _c7816
_d7816
003 OSt
005 20200522123631.0
008 200522b ||||| |||| 00| 0 eng d
020 _a9781408124536
082 _a741.6BRA
100 _a Brazell, Derek
245 _aMaking Great Illustration
942 _2ddc